Možnosti aplikácie lineárneho optimalizačného modelu pri plánovaní produkčného procesu Rafinérsko-petrochemického kombinátu Slovnaft záverečná práca postgraduálneho štúdia

Guardado en:
Detalles Bibliográficos
Autor principal: Brezina, Ivan, 1963-
Autor Corporativo: Vysoká škola ekonomická v Bratislave
Otros Autores: Unčovský, Ladislav
Formato: Libro
Lenguaje:eslovaco
Publicado: Bratislava 1990
Etiquetas: Agregar Etiqueta
Sin Etiquetas, Sea el primero en etiquetar este registro!

MARC

LEADER 00000nam a2200000 4500
001 c034211
005 20230116094754.6
041 0 |a slo 
044 |a SK 
245 1 0 |a Možnosti aplikácie lineárneho optimalizačného modelu pri plánovaní produkčného procesu Rafinérsko-petrochemického kombinátu Slovnaft  |b záverečná práca postgraduálneho štúdia  |c Ivan Brezina ; vedúci práce Ladislav Unčovský 
264 1 |a Bratislava  |c 1990 
300 |a 164 s. 
100 1 |a Brezina, Ivan, 1963- 
700 1 |a Unčovský, Ladislav 
710 2 |a Vysoká škola ekonomická v Bratislave